Economics and European Union migration policy

Salvato in:
Dettagli Bibliografici
Altri autori: Corry, Dan
Natura: Libro
Lingua:inglese
Pubblicazione: London Institute for Public Policy Research 1996
Soggetti:
Tags: Aggiungi Tag
Nessun Tag, puoi essere il primo ad aggiungerne!!

MARC

LEADER 00000nam a2200000 4500
001 0119251
005 20221205071641.1
020 |a 1-86030-041-3 
041 0 |a eng 
044 |a GB 
245 1 0 |a Economics and European Union migration policy  |c edited by: Dan Corry 
264 1 |a London  |b Institute for Public Policy Research  |c 1996 
300 |a 136 s. 
610 2 0 |a ekonómia 
610 2 0 |a analýza ekonomická 
610 2 0 |a migrácia 
610 2 0 |a pomoc medzinárodná 
610 2 0 |a rozvoj hospodársky 
610 2 0 |a pohyb obyvateľstva 
610 2 0 |a Európska únia 
610 2 0 |a Nemecko 
610 2 0 |a Turecko 
700 1 |a Corry, Dan